000 00656nam a2200181Ia 4500
008 090630s9999 xx 000 0 und d
082 _b24586
100 _aमहाजन नेहा.
245 _aविचारधन - साने गुरुजी.
_cमहाजन नेहा.
260 _bमहाजन ब्रदर्स - पुणे.
300 _a0
600 _aमहाजन नेहा.
630 _aविचारधन - साने गुरुजी.
655 _aइतर.
700 _aमहाजन नेहा.
730 _aविचारधन - साने गुरुजी.
942 _cBOOK
999 _c276442
_d276442